[Event "Hillerod Vinhuset Stoltz op"]
[Site "Hillerod"]
[Date "2019.10.22"]
[Round "7"]
[White "Rasmussen, Ole H"]
[Black "Sorensen, Bernhard"]
[Result "0-1"]
[WhiteElo "1553"]
[BlackElo "1595"]
[PlyCount "70"]
[EventDate "2019.09.24"]
[EventType "swiss"]
[EventRounds "7"]
[EventCountry "DEN"]
[SourceTitle "EXT 2021"]
[Source "ChessBase"]
[SourceDate "2020.10.23"]
[SourceVersion "1"]
[SourceVersionDate "2020.10.23"]
[SourceQuality "1"]

1. e4 c6 2. d4 d5 3. Nd2 dxe4 4. Nxe4 Bf5 5. Ng3 Bg6 6. Nf3 Nd7 7. h4 h6 8. h5 Bh7 9. Bd3 Ngf6 10. Bd2 Bxd3 11. cxd3 e6 12. Qe2 Be7 13. Ne4 Qc7 14. 0-0-0 Nd5 15. Nc3 0-0-0 16. Ne5 Rhf8 17. Kb1 Qb6 18. Nxd5 cxd5 19. Bc3 Kb8 20. f4 Nxe5 21. fxe5 Bg5 22. Rh3 Rc8 23. Ka1 Rc6 24. Rf3 Qc7 25. Rdf1 Qd7 26. a3 Rc7 27. Bb4 Rcc8 28. Bxf8 Rxf8 29. Qf2 f5 30. exf6 Bxf6 31. Qg3+ Ka8 32. Rc1 Re8 33. Rc7 Qa4 34. Rf1 Bxd4 35. Rfc1 Qxa3+ 0-1

[Event "Hillerod CC-ch C"]
[Site "Hillerod"]
[Date "2019.04.02"]
[Round "6"]
[White "Jahic, Afan"]
[Black "Rasmussen, Ole H"]
[Result "0-1"]
[WhiteElo "1405"]
[BlackElo "1590"]
[PlyCount "80"]
[EventDate "2019.01.08"]
[EventType "tourn"]
[EventRounds "7"]
[EventCountry "DEN"]
[SourceTitle "EXT 2024"]
[Source "ChessBase"]
[SourceDate "2023.10.10"]
[SourceVersion "1"]
[SourceVersionDate "2023.10.10"]
[SourceQuality "1"]

1. e4 c5 2. Nf3 d6 3. d4 cxd4 4. Nxd4 Nf6 5. Nc3 g6 6. Be3 Bg7 7. f3 0-0 8. Qd2 Nc6 9. 0-0-0 d5 10. Nxc6 bxc6 11. exd5 Nxd5 12. Nxd5 cxd5 13. Qxd5 Qc7 14. Qxa8 Bf5 15. Qxf8+ Kxf8 16. Rd2 h5 17. Bd3 Qe5 18. c3 Qxe3 19. Bxf5 gxf5 20. Kc2 Bf6 21. Rhd1 Kg7 22. Rd3 Qe5 23. g3 Qa5 24. Kb1 Qb6 25. f4 a5 26. h3 a4 27. a3 Qc6 28. Rg1 Qe4 29. Kc2 Qe2+ 30. Rd2 Qe3 31. Rgg2 Qb6 32. g4 hxg4 33. hxg4 fxg4 34. Rxg4+ Kf8 35. Rg3 e6 36. Rgd3 Qb7 37. Rh2 Ke7 38. Rh5 Qg2+ 39. Rd2 Qe4+ 40. Kd1 Qf3+ 0-1

[Event "Hillerod CC-ch C"]
[Site "Hillerod"]
[Date "2019.01.20"]
[Round "1"]
[White "Szymanski, Michael"]
[Black "Rasmussen, Ole H"]
[Result "1-0"]
[WhiteElo "1529"]
[BlackElo "1590"]
[PlyCount "53"]
[EventDate "2019.01.08"]
[EventType "tourn"]
[EventRounds "7"]
[EventCountry "DEN"]
[SourceTitle "EXT 2024"]
[Source "ChessBase"]
[SourceDate "2023.10.10"]
[SourceVersion "1"]
[SourceVersionDate "2023.10.10"]
[SourceQuality "1"]

1. e4 c5 2. Nf3 d6 3. d4 cxd4 4. Nxd4 Nf6 5. Nc3 g6 6. Be3 Bg7 7. f3 0-0 8. Qd2 Nc6 9. Bc4 Bd7 10. g4 Rc8 11. Bb3 Ne5 12. Bh6 Nc4 13. Bxc4 Rxc4 14. g5 Nh5 15. Bxg7 Nxg7 16. 0-0-0 Qc7 17. h4 Rc8 18. f4 b5 19. Rh2 b4 20. Nd5 Qd8 21. b3 Rxd4 22. Qxd4 a5 23. Nb6 Ne6 24. Qf2 Rb8 25. Nxd7 Qxd7 26. f5 Nc5 27. Qxc5 1-0

[Event "Helsingor Xtracon op"]
[Site "Helsingor"]
[Date "2018.07.29"]
[Round "10"]
[White "Christiansen, Torsten Sundgaar"]
[Black "Rasmussen, Ole H"]
[Result "1-0"]
[WhiteElo "1722"]
[BlackElo "1577"]
[PlyCount "56"]
[EventDate "2018.07.21"]
[EventType "swiss"]
[EventRounds "10"]
[EventCountry "DEN"]
[SourceTitle "CBM 185 Extra"]
[Source "ChessBase"]
[SourceDate "2018.07.29"]
[SourceVersion "1"]
[SourceVersionDate "2018.07.29"]
[SourceQuality "1"]

1. Nf3 Nf6 2. b3 e5 3. Nxe5 d6 4. Nf3 Be7 5. Bb2 0-0 6. e3 Bf5 7. Be2 Nc6 8. 0-0 Nb4 9. d3 d5 10. Nbd2 c5 11. a3 Nc6 12. Rc1 Rc8 13. c4 b6 14. cxd5 Nxd5 15. e4 Nf4 16. exf5 Nxd3 17. Bxd3 Qxd3 18. Qc2 Rcd8 19. Rfe1 Bg5 20. Nxg5 Qxd2 21. Ne4 Qf4 22. g3 Qh6 23. Rcd1 Rd4 24. Bxd4 Nxd4 25. Rxd4 cxd4 26. Rd1 Qh5 27. Rxd4 Qxf5 28. Rd6 Re8 1-0

[Event "Helsingor Xtracon op"]
[Site "Helsingor"]
[Date "2018.07.27"]
[Round "8"]
[White "Andreasen, Jon S"]
[Black "Rasmussen, Ole H"]
[Result "1-0"]
[WhiteElo "1736"]
[BlackElo "1577"]
[PlyCount "55"]
[EventDate "2018.07.21"]
[EventType "swiss"]
[EventRounds "10"]
[EventCountry "DEN"]
[SourceTitle "CBM 185 Extra"]
[Source "ChessBase"]
[SourceDate "2018.07.29"]
[SourceVersion "1"]
[SourceVersionDate "2018.07.29"]
[SourceQuality "1"]

1. b3 e5 2. Bb2 d6 3. e3 g6 4. f4 Nd7 5. Nf3 Bg7 6. Bb5 c6 7. Be2 Ne7 8. 0-0 0-0 9. fxe5 dxe5 10. e4 Qc7 11. d3 Nc5 12. Nbd2 Be6 13. Qe1 Rad8 14. Qf2 b6 15. Qg3 Nd7 16. Ng5 Qd6 17. Nxe6 Qxe6 18. a4 b5 19. axb5 cxb5 20. Rxa7 Ra8 21. Rfa1 Rac8 22. c4 Bh6 23. Nf1 bxc4 24. dxc4 Qb6+ 25. Kh1 Bf4 26. Qf3 Rcd8 27. R1a6 Qc5 28. Ba3 1-0

[Event "Helsingor Xtracon op"]
[Site "Helsingor"]
[Date "2018.07.24"]
[Round "5"]
[White "Rasmussen, Ole H"]
[Black "Larsen, Preben R"]
[Result "0-1"]
[WhiteElo "1577"]
[BlackElo "1803"]
[PlyCount "93"]
[EventDate "2018.07.21"]
[EventType "swiss"]
[EventRounds "10"]
[EventCountry "DEN"]
[SourceTitle "CBM 185 Extra"]
[Source "ChessBase"]
[SourceDate "2018.07.29"]
[SourceVersion "1"]
[SourceVersionDate "2018.07.29"]
[SourceQuality "1"]

1. e4 e5 2. Nf3 Nc6 3. Bb5 a6 4. Ba4 d6 5. 0-0 Nf6 6. Re1 Bd7 7. c3 Be7 8. d4 exd4 9. cxd4 0-0 10. d5 Ne5 11. Nxe5 dxe5 12. Bxd7 Qxd7 13. Nc3 Rad8 14. Bg5 Nxd5 15. exd5 Bxg5 16. Rxe5 Bf6 17. Re1 Bxc3 18. bxc3 Qxd5 19. Qxd5 Rxd5 20. Rab1 b6 21. Kf1 Rfd8 22. Rb4 Kf8 23. Ra4 a5 24. Rc4 c5 25. Rce4 Rd1 26. R4e2 g6 27. Rb2 Rxe1+ 28. Kxe1 Rd6 29. c4 Ke7 30. a4 Kd7 31. Rd2 Rd4 32. Rxd4+ cxd4 33. Kd2 Kd6 34. Kd3 Kc5 35. g4 Kb4 36. Kxd4 Kxa4 37. Kc3 b5 38. cxb5 Kxb5 39. f4 Kc5 40. f5 gxf5 41. gxf5 f6 42. Kb3 Kd5 43. Ka4 Ke5 44. Kxa5 Kxf5 45. Kb4 Ke4 46. Kc3 Ke3 47. Kc2 0-1

[Event "Hillerod CC 1617 B"]
[Site "Hillerod"]
[Date "2017.04.04"]
[Round "9"]
[White "Rasmussen, Ole H"]
[Black "Sorensen, Bernhard"]
[Result "0-1"]
[WhiteElo "1628"]
[BlackElo "1679"]
[PlyCount "34"]
[EventDate "2016.12.13"]
[EventType "tourn"]
[EventRounds "9"]
[EventCountry "DEN"]
[SourceTitle "EXT 2023"]
[Source "ChessBase"]
[SourceDate "2022.10.05"]
[SourceVersion "1"]
[SourceVersionDate "2022.10.05"]
[SourceQuality "1"]

1. c4 f5 2. Nf3 e6 3. Nc3 Nf6 4. d4 d5 5. cxd5 exd5 6. Bg5 c6 7. e3 Be7 8. Bd3 0-0 9. Qc2 Ne4 10. Bxe7 Qxe7 11. Ne5 Nd7 12. Nxd7 Bxd7 13. 0-0 Qg5 14. Ne2 Rf6 15. f4 Qg4 16. Rf3 Rg6 17. Nc3 Qxf3 0-1

[Event "Hillerod Spar Nord op"]
[Site "Hillerod"]
[Date "2016.10.13"]
[Round "5"]
[White "Sorensen, Bernhard"]
[Black "Rasmussen, Ole H"]
[Result "1-0"]
[WhiteElo "1670"]
[BlackElo "1640"]
[PlyCount "95"]
[EventDate "2016.09.13"]
[EventType "swiss"]
[EventRounds "7"]
[EventCountry "DEN"]
[SourceTitle "EXT 2024"]
[Source "ChessBase"]
[SourceDate "2023.10.10"]
[SourceVersion "1"]
[SourceVersionDate "2023.10.10"]
[SourceQuality "1"]

1. d4 Nf6 2. Bf4 d5 3. e3 e6 4. Nf3 c5 5. c3 Be7 6. Bd3 0-0 7. Nbd2 b6 8. Ne5 Bb7 9. 0-0 Nbd7 10. Qf3 Re8 11. Qh3 g6 12. Bh6 Nxe5 13. dxe5 Ne4 14. Nxe4 dxe4 15. Bb5 Qc7 16. Bxe8 Rxe8 17. Qg3 Bf8 18. Bg5 Bg7 19. Bf6 Bd5 20. b3 c4 21. b4 b5 22. h4 a5 23. a3 a4 24. Qg5 h6 25. Qf4 Kh7 26. Bxg7 Kxg7 27. Qf6+ Kh7 28. Rad1 Qe7 29. Qxe7 Rxe7 30. f4 Kg7 31. g4 f5 32. gxf5 gxf5 33. Kf2 Kg6 34. Rg1+ Kh7 35. h5 Rf7 36. Rg6 Re7 37. Rdg1 Bc6 38. Rf6 Be8 39. Rh1 Bf7 40. Kg3 Rd7 41. Kh4 Bg8 42. Rg1 Bf7 43. Rg2 Rb7 44. Rd2 Kg7 45. Rd6 Bg8 46. Rg6+ Kh7 47. Rxg8 Kxg8 48. Rxe6 1-0

[Event "Hillerod Byturnering C"]
[Site "Hillerod"]
[Date "2016.06.14"]
[Round "7"]
[White "Rasmussen, Ole H"]
[Black "Jorgensen, Orla Eilegaard"]
[Result "1/2-1/2"]
[WhiteElo "1615"]
[BlackElo "1661"]
[PlyCount "45"]
[EventDate "2016.04.26"]
[EventType "tourn"]
[EventRounds "7"]
[EventCountry "DEN"]
[SourceTitle "EXT 2024"]
[Source "ChessBase"]
[SourceDate "2023.10.10"]
[SourceVersion "1"]
[SourceVersionDate "2023.10.10"]
[SourceQuality "1"]

1. e4 b6 2. d4 Bb7 3. Nc3 e6 4. Bd3 f5 5. exf5 Bxg2 6. Qh5+ g6 7. fxg6 Bg7 8. gxh7+ Kf8 9. Nf3 Nf6 10. Qh4 Bxf3 11. Rg1 Bh5 12. Bg5 Bf7 13. Bh6 Bxh6 14. Qxh6+ Ke7 15. 0-0-0 Nc6 16. Bg6 Bxg6 17. Qxg6 Rxh7 18. Ne4 Rf7 19. Ng5 Rf8 20. Qg7+ Ke8 21. Qg6+ Ke7 22. Qg7+ Ke8 23. Qg6+ 1/2-1/2

[Event "Hillerod Byturnering C"]
[Site "Hillerod"]
[Date "2016.05.17"]
[Round "3"]
[White "Larsen, Daniel"]
[Black "Rasmussen, Ole H"]
[Result "0-1"]
[WhiteElo "1655"]
[BlackElo "1615"]
[PlyCount "46"]
[EventDate "2016.04.26"]
[EventType "tourn"]
[EventRounds "7"]
[EventCountry "DEN"]
[SourceTitle "EXT 2024"]
[Source "ChessBase"]
[SourceDate "2023.10.10"]
[SourceVersion "1"]
[SourceVersionDate "2023.10.10"]
[SourceQuality "1"]

1. d4 Nf6 2. c4 e6 3. Nc3 d5 4. Bg5 c6 5. Nf3 Be7 6. Bxf6 Bxf6 7. e4 dxe4 8. Nxe4 Qa5+ 9. Qd2 Qxd2+ 10. Kxd2 Nd7 11. Nd6+ Ke7 12. c5 b6 13. b4 bxc5 14. bxc5 Nxc5 15. Nxc8+ Raxc8 16. dxc5 Bxa1 17. Ba6 Rcd8+ 18. Kc2 Bd4 19. Nxd4 Rxd4 20. Rb1 Rhd8 21. Kc3 R4d5 22. Rb7+ R8d7 23. Rxd7+ Kxd7 0-1

[Event "Hillerod CC-ch B"]
[Site "Hillerod"]
[Date "2016.03.15"]
[Round "7"]
[White "Sorensen, Bernhard"]
[Black "Rasmussen, Ole H"]
[Result "1-0"]
[WhiteElo "1666"]
[BlackElo "1625"]
[PlyCount "91"]
[EventDate "2016.01.05"]
[EventType "tourn"]
[EventRounds "9"]
[EventCountry "DEN"]
[SourceTitle "EXT 2024"]
[Source "ChessBase"]
[SourceDate "2023.10.10"]
[SourceVersion "1"]
[SourceVersionDate "2023.10.10"]
[SourceQuality "1"]

1. e4 c5 2. Nf3 d6 3. d4 cxd4 4. Nxd4 Nf6 5. Nc3 g6 6. Be3 Bg7 7. Qd2 0-0 8. f3 Nc6 9. 0-0-0 d5 10. Nxc6 bxc6 11. exd5 Nxd5 12. Nxd5 cxd5 13. Qxd5 Qxd5 14. Rxd5 Be6 15. Ra5 Rfb8 16. b3 Bc3 17. Rb5 a5 18. a4 Rc8 19. Rc5 Bb4 20. Rxc8+ Rxc8 21. Kb1 Bf5 22. Bc4 Rd8 23. g4 Bc8 24. Be2 Bc3 25. Rd1 Rxd1+ 26. Bxd1 e5 27. Kc1 f5 28. Bd2 Bxd2+ 29. Kxd2 f4 30. h4 Kf7 31. Kd3 Ba6+ 32. Ke4 Ke6 33. c3 Bb7+ 34. Kd3 Ba6+ 35. Kd2 h6 36. b4 axb4 37. cxb4 Kd5 38. Bb3+ Kd6 39. g5 hxg5 40. hxg5 Bb7 41. Ke2 e4 42. fxe4 Bxe4 43. Bc4 Kc6 44. Bd3 f3+ 45. Ke3 f2 46. Bxe4+ 1-0

[Event "Hillerod CC-ch B"]
[Site "Hillerod"]
[Date "2016.03.05"]
[Round "6"]
[White "Rasmussen, Ole H"]
[Black "Sorensen, Viggo"]
[Result "1/2-1/2"]
[WhiteElo "1625"]
[BlackElo "1646"]
[PlyCount "77"]
[EventDate "2016.01.05"]
[EventType "tourn"]
[EventRounds "9"]
[EventCountry "DEN"]
[SourceTitle "EXT 2024"]
[Source "ChessBase"]
[SourceDate "2023.10.10"]
[SourceVersion "1"]
[SourceVersionDate "2023.10.10"]
[SourceQuality "1"]

1. e4 c5 2. Nf3 Nc6 3. d4 cxd4 4. Nxd4 e5 5. Nf3 Nf6 6. Bg5 Be7 7. Bd3 d6 8. h3 0-0 9. c3 Be6 10. Nbd2 h6 11. Bxf6 Bxf6 12. 0-0 Rc8 13. Nh2 Qb6 14. b3 Ne7 15. c4 Ng6 16. Ng4 Bh4 17. Nf3 Bxg4 18. hxg4 Bg3 19. Qd2 Bf4 20. Qd1 Qd8 21. g3 Bg5 22. Nxg5 Qxg5 23. Kg2 h5 24. gxh5 Nf4+ 25. Kh2 Nxh5 26. Be2 Nf6 27. Bf3 Qg6 28. Qe2 Nh7 29. Kg2 Ng5 30. Rad1 Ne6 31. Kh2 Nd4 32. Qe3 Qf6 33. Kg2 Rc6 34. Bg4 Ra6 35. Rd2 b5 36. cxb5 Nxb5 37. Be2 Rb6 38. Bxb5 Rxb5 39. Qxa7 1/2-1/2

[Event "Hillerod CC-ch B"]
[Site "Hillerod"]
[Date "2016.02.24"]
[Round "5"]
[White "Rasmussen, Ole H"]
[Black "Bagge, Kenny"]
[Result "1/2-1/2"]
[WhiteElo "1625"]
[BlackElo "1568"]
[PlyCount "77"]
[EventDate "2016.01.05"]
[EventType "tourn"]
[EventRounds "9"]
[EventCountry "DEN"]
[SourceTitle "EXT 2024"]
[Source "ChessBase"]
[SourceDate "2023.10.10"]
[SourceVersion "1"]
[SourceVersionDate "2023.10.10"]
[SourceQuality "1"]

1. e4 c5 2. Nf3 d6 3. d4 cxd4 4. Nxd4 Nf6 5. Nc3 g6 6. f3 a6 7. Be3 b5 8. Bd3 Bb7 9. Qd2 Nbd7 10. 0-0 Bg7 11. Rac1 0-0 12. Nde2 Rc8 13. Ng3 Qa5 14. a3 Nc5 15. b4 Ncxe4 16. Ncxe4 Qxa3 17. Ra1 Nxe4 18. Bxe4 Bxa1 19. Bxb7 Bc3 20. Qd3 Rc7 21. Bd5 Bxb4 22. Qxa3 Bxa3 23. Bb3 e6 24. Ne4 Bb2 25. Nxd6 Rd8 26. Ne4 Bd4 27. Bxd4 Rxd4 28. Ra1 Ra7 29. Nc3 Rb4 30. Ra5 Kf8 31. Ne4 Rd4 32. Kf2 Ke7 33. Ke3 Rd8 34. c4 f5 35. Nc5 bxc4 36. Bxc4 Rc7 37. Nxe6 Rxc4 38. Nxd8 Kxd8 39. Rxa6 1/2-1/2

[Event "Hillerod op"]
[Site "Hillerod"]
[Date "2015.09.14"]
[Round "2"]
[White "Wagner, Thomas Kl"]
[Black "Rasmussen, Ole H"]
[Result "0-1"]
[WhiteElo "1086"]
[BlackElo "1633"]
[PlyCount "44"]
[EventDate "2015.09.08"]
[EventType "swiss"]
[EventRounds "7"]
[EventCountry "DEN"]
[SourceTitle "EXT 2024"]
[Source "ChessBase"]
[SourceDate "2023.10.10"]
[SourceVersion "1"]
[SourceVersionDate "2023.10.10"]
[SourceQuality "1"]

1. d4 Nf6 2. Nc3 g6 3. Bf4 d6 4. Nf3 Bg7 5. e3 0-0 6. Bd3 c6 7. Qd2 Nbd7 8. 0-0 Nh5 9. Rfe1 Re8 10. Re2 Qc7 11. Rae1 Ndf6 12. e4 Nxf4 13. Qxf4 Nh5 14. Qd2 Bg4 15. Re3 Bh6 16. e5 Bxf3 17. gxf3 dxe5 18. dxe5 Rad8 19. Ne2 Qb6 20. f4 Nxf4 21. Rf3 Nh3+ 22. Rxh3 Bxd2 0-1

[Event "Prague op-B 14th"]
[Site "Prague"]
[Date "2015.01.10"]
[Round "2"]
[White "Rasmussen, Ole H"]
[Black "Nguyen, Thai Dai Vinh"]
[Result "0-1"]
[WhiteElo "1657"]
[BlackElo "1308"]
[PlyCount "74"]
[EventDate "2015.01.09"]
[EventType "swiss"]
[EventRounds "9"]
[EventCountry "CZE"]
[SourceTitle "CBM 164 Extra"]
[Source "ChessBase"]
[SourceDate "2015.03.02"]
[SourceVersion "1"]
[SourceVersionDate "2015.03.02"]
[SourceQuality "1"]

1. e4 c5 2. Nf3 d6 3. d4 cxd4 4. Nxd4 Nf6 5. Nc3 Nc6 6. f3 e6 7. Be3 Be7 8. Qd2 0-0 9. 0-0-0 a6 10. g4 Nxd4 11. Bxd4 b5 12. h4 b4 13. Ne2 Rb8 14. Kb1 e5 15. Be3 Be6 16. g5 Nh5 17. f4 Qa5 18. b3 g6 19. Rg1 Rfc8 20. Qe1 Qc7 21. Rc1 a5 22. Bg2 a4 23. Bf3 Ng7 24. Ng3 Qa5 25. Bd1 Ra8 26. Rg2 Rc3 27. Qe2 axb3 28. cxb3 Bxb3 29. axb3 Rxb3+ 30. Bxb3 Qa1+ 31. Kc2 Ra2+ 32. Kd1 Rxe2 33. Rxa1 Rxg2 34. Ra8+ Bf8 35. Ne2 Rh2 36. fxe5 dxe5 37. Re8 Nxe8 0-1

[Event "Hillerod Byturnering D"]
[Site "Hillerod"]
[Date "2015.??.??"]
[Round "3"]
[White "Rasmussen, Ole H"]
[Black "Pedersen, Jan2222"]
[Result "1-0"]
[WhiteElo "1639"]
[BlackElo "1514"]
[PlyCount "89"]
[EventDate "2015.04.28"]
[EventType "tourn"]
[EventRounds "7"]
[EventCountry "DEN"]
[SourceTitle "EXT 2024"]
[Source "ChessBase"]
[SourceDate "2023.10.10"]
[SourceVersion "1"]
[SourceVersionDate "2023.10.10"]
[SourceQuality "1"]

1. Nf3 Nc6 2. d4 d5 3. c4 e6 4. e3 b6 5. Nc3 Nf6 6. a3 Be7 7. Be2 0-0 8. b4 a6 9. 0-0 dxc4 10. Bxc4 b5 11. Bd3 Bd6 12. Qc2 h6 13. Ne4 Bb7 14. Nxf6+ Qxf6 15. Be4 Rab8 16. Bxc6 e5 17. Bxb7 Rxb7 18. dxe5 Bxe5 19. Nxe5 Qxe5 20. Bb2 Qe6 21. Rfd1 c6 22. Rac1 Rc8 23. Qc3 f6 24. Rd3 Rd7 25. Rcd1 Rcd8 26. Rxd7 Rxd7 27. Rxd7 Qxd7 28. Qd4 Qf5 29. e4 Qe6 30. g3 Kf7 31. f4 g6 32. Kg2 Ke7 33. h3 h5 34. Kf3 Qb3+ 35. Qc3 Qd1+ 36. Kf2 Qd6 37. Qc5 Qxc5+ 38. bxc5 Ke6 39. Ke3 f5 40. h4 a5 41. Kd3 Kd7 42. exf5 gxf5 43. Bc3 a4 44. Bh8 Ke6 45. Kd4 1-0

[Event "Hillerod Nordea Cup C"]
[Site "Hillerod"]
[Date "2014.04.29"]
[Round "6"]
[White "Larsen, Finn"]
[Black "Rasmussen, Ole H"]
[Result "1/2-1/2"]
[WhiteElo "1847"]
[BlackElo "1726"]
[PlyCount "47"]
[EventDate "2014.04.29"]
[EventType "tourn"]
[EventRounds "7"]
[EventCountry "DEN"]
[SourceTitle "EXT 2024"]
[Source "ChessBase"]
[SourceDate "2023.10.10"]
[SourceVersion "1"]
[SourceVersionDate "2023.10.10"]
[SourceQuality "1"]

1. e4 c5 2. c3 d6 3. Nf3 Nc6 4. d4 cxd4 5. Nxd4 Nf6 6. Be2 Nxd4 7. Qxd4 Qc7 8. 0-0 g6 9. Bf3 Bg7 10. Qa4+ Qd7 11. Qc2 0-0 12. h3 Qc7 13. Be3 Nd7 14. Bg4 Ne5 15. Bxc8 Raxc8 16. Nd2 b6 17. Bd4 Bh6 18. f4 Nc4 19. Nxc4 Qxc4 20. Qd1 f6 21. e5 dxe5 22. fxe5 Bg7 23. b3 Qc6 24. exf6 1/2-1/2